Regionalizmus ako reakcia na negatívne vplyvy globalizácie bakalárska práca

Gespeichert in:
Bibliographische Detailangaben
1. Verfasser: Sivá, Michaela
Körperschaft: Obchodná fakulta EU. Katedra medzinárodného obchodu
Weitere Verfasser: Luptáková, Anabela, 1995-
Format: Buch
Sprache:Slowakisch
Veröffentlicht: Bratislava 2021
Tags: Tag hinzufügen
Keine Tags, Fügen Sie das erste Tag hinzu!

MARC

LEADER 00000nbm a2200000 4500
001 0275916
005 20220209124833.9
041 0 |a slo 
044 |a SK 
245 1 0 |a Regionalizmus ako reakcia na negatívne vplyvy globalizácie  |b bakalárska práca  |c Michaela Sivá ; školiteľ: Anabela Luptáková 
264 1 |a Bratislava  |c 2021 
300 |a 58 s. 
100 1 |a Sivá, Michaela 
700 1 |a Luptáková, Anabela, 1995- 
710 2 |a Obchodná fakulta EU. Katedra medzinárodného obchodu